Las casas que cuentan una historia (Record no. 834)

MARC details
000 -CABECERA
campo de control de longitud fija 01116nam a2200289 a 4500
001 - NÚMERO DE CONTROL
campo de control BRCA_945
005 - FECHA Y HORA DE LA ÚLTIMA TRANSACCIÓN
campo de control 20190320203222.0
008 - DATOS DE LONGITUD FIJA--INFORMACIÓN GENERAL
campo de control de longitud fija 040813s2003 mx-a---##b---#000-0dspa-#
020 ## - NÚMERO INTERNACIONAL ESTÁNDAR DEL LIBRO
Número Internacional Estándar del Libro 968587400X
040 ## - FUENTE DE LA CATALOGACIÓN
Centro catalogador/agencia de origen DLC
Centro/agencia transcriptor DLC
Centro/agencia modificador DLC
041 ## - CÓDIGO DE LENGUA
Código de lengua del texto/banda sonora o título independiente spa
050 #4 - SIGNATURA TOPOGRÁFICA DE LA BIBLIOTECA DEL CONGRESO
Número de clasificación NA7515.M4
Número de documento/Ítem .C37 2003
245 10 - MENCIÓN DE TÍTULO
Título Las casas que cuentan una historia
Mención de responsabilidad, etc. prólogo Guillermo Tovar de Teresa ; presentaciones Liwy Grazioso Sierra ... [et al.] ; textos Alejandro Rosas ; fotografía Ignacio Urquiza, José Ignacio González Manterola.
260 ## - PUBLICACIÓN, DISTRIBUCIÓN, ETC.
Lugar de publicación, distribución, etc. México
Nombre del editor, distribuidor, etc. Casas GEO
Fecha de publicación, distribución, etc. 2003
300 ## - DESCRIPCIÓN FÍSICA
Extensión 365 p.
Otras características físicas il. a color, mapas
Dimensiones 31 cm.
500 ## - NOTA GENERAL
Nota general Incluye referencias iconográficas
504 ## - NOTA DE BIBLIOGRAFÍA, ETC.
Nota de bibliografía, etc. Bibliografía: p. 353-355
650 14 - PUNTO DE ACCESO ADICIONAL DE MATERIA--TÉRMINO DE MATERIA
Término de materia o nombre geográfico como elemento de entrada Monumentos históricos
Subdivisión general Historia
Subdivisión geográfica México
9 (RLIN) 3125
650 14 - PUNTO DE ACCESO ADICIONAL DE MATERIA--TÉRMINO DE MATERIA
Término de materia o nombre geográfico como elemento de entrada Monumentos históricos
Subdivisión de forma Trabajos Ilustrados
Subdivisión geográfica México
9 (RLIN) 3126
651 #4 - PUNTO DE ACCESO ADICIONAL DE MATERIA--NOMBRE GEOGRÁFICO
Nombre geográfico México
Subdivisión general Historia
9 (RLIN) 614
651 #4 - PUNTO DE ACCESO ADICIONAL DE MATERIA--NOMBRE GEOGRÁFICO
Nombre geográfico México
Subdivisión de forma Biografía
9 (RLIN) 3127
700 1# - PUNTO DE ACCESO ADICIONAL--NOMBRE DE PERSONA
Nombre de persona Rosas, Alejandro
Fechas asociadas al nombre 1969-
9 (RLIN) 3128
700 1# - PUNTO DE ACCESO ADICIONAL--NOMBRE DE PERSONA
Nombre de persona Urquiza, Ignacio
9 (RLIN) 3129
700 1# - PUNTO DE ACCESO ADICIONAL--NOMBRE DE PERSONA
Nombre de persona González Manterola, José Ignacio
9 (RLIN) 2339
700 1# - PUNTO DE ACCESO ADICIONAL--NOMBRE DE PERSONA
Nombre de persona Tovar de Teresa, Guillermo
9 (RLIN) 3098
942 ## - ELEMENTOS DE PUNTO DE ACCESO ADICIONAL (KOHA)
Fuente del sistema de clasificación o colocación Library of Congress Classification
Tipo de ítem Koha Libros
Holdings
Estado de retiro Estado de pérdida Estado dañado No para préstamo Localización permanente Ubicación/localización actual Fecha de adquisición Total de préstamos Signatura topográfica completa Código de barras Fecha visto por última vez Precio válido a partir de Tipo de ítem Koha
El ejemplar forma parte de la colección y puede ser consultado según las políticas vigentes.       Biblioteca del Museo Franz Mayer (Rogerio Casas-Alatriste) Biblioteca del Museo Franz Mayer (Rogerio Casas-Alatriste) 26/06/2008   NA7515.M4 .C37 2003 01435 22/03/2019 22/03/2019 Libros